| 000 | 00880nam a2200253Ia 4500 | ||
|---|---|---|---|
| 003 | OSt | ||
| 005 | 20220923215353.0 | ||
| 006 | a|||||r|||| 00| 0 | ||
| 007 | ta | ||
| 008 | 220922b |||||||| |||| 00| 0 hin d | ||
| 024 | _a178,136 | ||
| 037 | _cTextual | ||
| 040 |
_aARTS _cARTS _bhin |
||
| 041 |
_2hin _ahin |
||
| 082 | _aO152,1I00:g, L8 | ||
| 100 | _aराय, चन्द्रदेव | ||
| 245 | 0 |
_aकबीर और रैदास _b एक तुलनात्मक अध्ययन |
|
| 246 | _aKabīr aur raidāsa: ek tulanātmak adhyayana | ||
| 260 |
_aआजमगढ़ _b सौहार्द प्रकाशन _c1978 |
||
| 300 |
_a388 पृ. _ccm. |
||
| 650 |
_aहिन्दी साहित्य _9156264 |
||
| 942 |
_hO152,1I00:g, L8 _cTEXL _2CC |
||
| 999 |
_c331518 _d331518 |
||